NASCAR winners of the 80's - Statistics

General Stats
  • This quiz has been taken 83 times
  • The average score is 18 of 29
Answer Stats
Hint Answer % Correct
38 Dale Earnhardt
98%
2 Kyle Petty
95%
57 Darrell Waltrip
93%
10 Richard Petty
93%
28 Bobby Allison
85%
6 Davey Allison
85%
16 Rusty Wallace
80%
32 Bill Elliott
76%
20 Cale Yarborough
76%
7 Benny Parsons
73%
7 Geoff Bodine
73%
1 Phil Parsons
73%
1 David Pearson
71%
10 Terry Labonte
68%
1 Alan Kulwicki
66%
10 Harry Gant
66%
1 Mark Martin
66%
10 Ricky Rudd
63%
13 Tim Richmond
63%
13 Neil Bonnett
59%
2 Ken Schrader
56%
2 Morgan Shepherd
46%
3 Buddy Baker
44%
1 Lake Speed
37%
1 Greg Sacks
29%
1 Bobby Hillin Jr.
27%
1 Dave Marcis
22%
1 Jody Ridley
15%
1 Ron Bouchard
15%
No matching quizzes found
Score Distribution
Percent of People with Each Score
Percentile by Number Answered
Your Score History
You have not taken this quiz